Word Ladder: TV's Superman Quiz Stats

Quiz Updated Apr 30, 2015

Challenge
Share
Tweet
Embed
Score 0/39 Timer 05:00
2 Plays Today
Clue 4-Letter Word % Correct
Not aliveDEAD
98.8%
Opposite of pullPUSH
96.6%
Green citrus fruitLIME
95.8%
Home to a bear or BatmanCAVE
95.2%
Not pre-recordedLIVE
95.1%
Victoria Beckham, as a Spice GirlPOSH
95%
Dime or nickel, e.g.COIN
94.9%
Oxidation on ironRUST
94.4%
Hurry upRUSH
94.4%
Springsteen's '___ to Run'BORN
94.3%
MaizeCORN
94.3%
★ ''Subject: I ____ You'' (2009) ★●LOVE●
94.1%
Actors in a playCAST
94%
Part played by an actorROLE
93.9%
5,280 feetMILE
93.9%
Tibia or fibulaBONE
93.7%
Pole supporting a sailMAST
93.7%
Mail delivery, to BritsPOST
93.4%
Cry from a golferFORE
93.1%
To drill a holeBORE
92.5%
Clue 4-Letter Word % Correct
Over 50%MOST
92.5%
_____ closed!CASE
92.4%
Piece of a mosaicTILE
92.3%
★ ''Out of ____'' (2003) ★●TIME●
91.9%
★ ''Max Havoc: Ring of ____'' (2006) ★●FIRE●
90.8%
To wander at randomROVE
90.5%
★ ''____ in One'' (2010) ★●HOLE●
90.5%
A recess in a shorelineCOVE
90.1%
Capital of West GermanyBONN
89.8%
A drop of liquidBEAD
89.4%
★ ''The Way ____'' (2010) ★●HOME●
88.4%
Bog; marshMIRE
87.9%
Opposite of goCOME
87.8%
Be victorious overBEAT
87.2%
★ ''____ Like Him'' (1995) ★●JUST●
85.2%
★ ''____ Men'' (1997) ★●BEST●
81.5%
Good-natured ridiculeJEST
81.5%
★ 'Lois & Clark' star ____ [Last Rung] ●DEAN●
77.8%
★ 'Lois & Clark' star [1st Rung] ____ ●CAIN●
67.3%

Today's Daily Dose

Missing Word
'F' Science

Word Ladder
Guitar Heroes

Quick Pick
Zambian Borders

On This Day
April 22nd II

You're not logged in!

Compare scores with friends on all Sporcle quizzes.
Sign Up with Email
OR
Log In

You Might Also Like...

Show Comments

Extras

Top Quizzes Today


Score Distribution

Your Account Isn't Verified!

In order to create a playlist on Sporcle, you need to verify the email address you used during registration. Go to your Sporcle Settings to finish the process.

Report this User

Report this user for behavior that violates our Community Guidelines.

Details: